000 01088nam0a2200325 4500
001 RU\NLR\bibl\226341
005 20260406145511.0
010 _a5-17-007489-1 (АСТ)
_95000
010 _a5-7390-0749-6 (Олимп)
_95000
010 _a5-271-00258-6
_95000
021 _aRU
_b2001-29507
_91413
035 _a(NLR Aleph) 000222354
090 _a1292644
_c1292644
100 _a20020206d2001 |||y0rusy50 ca
101 0 _arus
102 _aRU
105 _ay |||||||||
200 1 _aНад пропастью во ржи
_eПовести, рассказы
_e[Пер. с англ.]
_fДж. Д. Сэлинджер
210 _aМ.
_cАСТ
_cОлимп
_cАстрель
_d2001
215 _a683, [1] c.
_d21
225 1 _aЗападная проза. ХХ век
686 _aШ6(7США)67-44
700 1 _4070
_8rus
_7ca
_aСэлинджер
_bД. Д.
_f1919-2010
_gДжером Дейвид
_3RU\NLR\auth\774717
_9114694
801 0 _aRU
_bNLR
_c20020206
_gPSBO
801 1 _aRU
_bNLR
_c20020206
942 _cBOOK
980 _aNB